1081 1877 1572 1336 1719 1054 1219 1212 1798 1495 1037 1821 1906 1349 1135 1008 1027 1098 1607 1355 1601 1254 1826 1114 1560 1610 1133 1720 1361 1385 1168 1714 1278 1796 1246 1211 1561 1669 1932 1010 1393 1088 1052 1567 1877 1911 1344 1242 1436 1508 1189 1531 1185 1136 1984 1608 1768 1904 1504 1233 1421 1427 1767 1389 1707 1886 1617 1646 1617 1919 1929 1977 1223 1515 1349 1108 1891 1536 1204 1861 1822 1808 1163 1239 1234 1379 1685 1859 1235 1635 1122 1354 1278 1671 1814 1394 1278 1073 1655 BCNSPRNW ULIB Ver.6.0+V

เปลี่ยนเป็นภาษาไทย

Change to English
 แสดงรายละเอียดบรรณานุกรม
  กลับหน้าหลัก

Brief Record : Get Marc (ISO 2709) : E-mail record : QR code < ปิดหน้าต่าง
LEADER : 00000nam 2200000uu 4500
001    13399126408
003     ULIB
008    020711s2017 th a 000 0 eng d
020    ^a9781496335869
060    ^aQZ4^bB825A
100    ^aCarie Braun , Cindy Anderson
245    ^aApplied Pathophysiology A Conceptual Approach to the Mechanisms of Disease
250    ^a2nd ed
260    ^aPhiladelphia :^bWolters Kluwer,^c2017
300    ^a572 pages;^b30 cm
650    ^aPathology
650    ^aPhysiology
650    ^aPhysiological Phenomena
945    ^p3026^l0^i004633
945    ^p3026^l0^i005399
999    ^aประนอม เกษจรัล
รายการนี้ยังไม่มีแท็ก
คุณยังไม่ได้ล็อกอิน คุณสามารถมีกิจกรรมร่วมกับเว็บไซต์ได้ แต่ต้องล็อกอินก่อน ::
  ล็อกอิน

รายการสื่อสารสนเทศ

ลำดับที่ ประเภท เลขเรียก/บาร์โค้ด สถานที่ สถานะ
1. วิทยาศาสตร์การแพทย์ และสุขภาพ
หนังสือสำรอง
สถานะ=หนังสือสำรอง
QZ4 B825A ฉ.1 
  Barcode: 004633
ห้องสมุดวิทยาเขตสวรรค์ประชารักษ์
►หนังสือทั่วไป
บนชั้น
2. วิทยาศาสตร์การแพทย์ และสุขภาพ
วิทยาศาสตร์การแพทย์ และสุขภาพ
QZ4 B825A ฉ.2 
  Barcode: 005399
ห้องสมุดวิทยาเขตสวรรค์ประชารักษ์
►หนังสือทั่วไป
บนชั้น

รายการใกล้เคียง
    หัวเรื่อง [Pathology]
    หัวเรื่อง [Physiology]
    หัวเรื่อง [Physiological Phenomena]

BibComment


ยังไม่เคยถูกคอมเมนท์

คอมเมนท์ทรัพยากรรายการนี้
  คอมเมนท์: Applied Pathophy..


 Copyright 2026. Bcnsprnw @Library